[Event "Challenge"]
[Site "http://www.queenalice.com/game.php?id=414857"]
[Date "2008.6.8"]
[Round "-"]
[White "VSB"]
[Black "we4er"]
[Result "0-1"]
[WhiteElo "1218"]
[BlackElo "1837"]

1. e4 e5 2. Nf3 Nc6 3. c4 Nf6 4. d3 Bc5 5. Bg5 d6 6. Qa4 O-O 7. Nc3 Nd4 8. Be2
Nxe2 9. Nxe2 Bg4 10. b4 Bxf3 11. gxf3 Bb6 12. Bxf6 Qxf6 13. Ng3 Qxf3 14. Qd7
Bxf2+ 15. Kd2 Bd4 0-1

[Event "Challenge"]
[Site "http://www.queenalice.com/game.php?id=415027"]
[Date "2008.6.8"]
[Round "-"]
[White "we4er"]
[Black "johnrbrown"]
[Result "0-1"]
[WhiteElo "1860"]
[BlackElo "1849"]

1. d4 e5 2. dxe5 Nc6 3. Nf3 Qe7 4. Bg5 Qb4+ 5. Nc3 Qxb2 6. Nd5 Bb4+ 7. Bd2 Bxd2+
8. Kxd2 Kd8 9. e3 Nxe5 10. Nd4 Qa3 11. Qh5 Qa5+ 12. Nc3 Nc4+ 0-1

[Event "Challenge"]
[Site "http://www.queenalice.com/game.php?id=415343"]
[Date "2008.6.9"]
[Round "-"]
[White "we4er"]
[Black "andrea9"]
[Result "0-1"]
[WhiteElo "1861"]
[BlackElo "1840"]

1. Nf3 d5 2. c4 dxc4 3. Qa4+ Nc6 4. Ne5 Qd5 5. Nxc6 Bd7 6. Nb4 Qc5 7. Qa3 e5 8.
Nc2 Qc6 9. Qg3 f6 10. d4 cxd3 11. Qxd3 Bb4+ 12. Bd2 Bc5 13. Nc3 O-O-O 0-1

[Event "Challenge"]
[Site "http://www.queenalice.com/game.php?id=415344"]
[Date "2008.6.9"]
[Round "-"]
[White "andrea9"]
[Black "we4er"]
[Result "1-0"]
[WhiteElo "1857"]
[BlackElo "1844"]

1. e4 e5 2. Nf3 Nc6 3. Bc4 Nf6 4. c3 Nxe4 5. Qe2 d5 6. Bb5 Bd6 7. d3 Nf6 8.
Bxc6+ bxc6 9. Nxe5 O-O 10. O-O Re8 11. d4 c5 12. h3 cxd4 13. cxd4 c5 14. Be3
cxd4 15. Bxd4 Bxe5 16. Bxe5 1-0

[Event "Challenge"]
[Site "http://www.queenalice.com/game.php?id=418600"]
[Date "2008.6.16"]
[Round "-"]
[White "sunking"]
[Black "we4er"]
[Result "0-1"]
[WhiteElo "1848"]
[BlackElo "1860"]

1. Nf3 d5 2. d4 Nf6 3. Ne5 c5 4. dxc5 Qa5+ 5. Bd2 Qxc5 6. e3 Bf5 7. Bd3 Bxd3 8.
Nxd3 Qb6 9. Ne5 e6 10. Nc3 Bd6 11. Ng4 Nbd7 12. e4 Nxe4 13. O-O Qxb2 14. f3 Nxc3
15. Bxc3 Qxc3 16. Rb1 Qc7 17. a4 h5 18. Ne3 Bxh2+ 19. Kf2 O-O 20. Rb4 Bg3+ 21.
Kg1 Qc5 22. Qd2 Bf4 23. Rxb7 Bxe3+ 24. Qf2 Nb6 25. Rc7 Bxf2+ 26. Rxf2 Qxc7 27.
a5 Nc4 28. a6 Rab8 29. f4 Qc5 30. g3 Rb1+ 31. Kg2 Ne3+ 32. Kf3 Ng4 33. Re2 Rf1+
34. Kg2 Qg1+ 0-1

[Event "Challenge"]
[Site "http://www.queenalice.com/game.php?id=422047"]
[Date "2008.6.23"]
[Round "-"]
[White "Ditto"]
[Black "we4er"]
[Result "0-1"]
[WhiteElo "1715"]
[BlackElo "1900"]

1. e4 c5 2. Nf3 d6 3. Nc3 Nf6 4. Bc4 e6 5. d3 Be7 6. O-O O-O 7. Bg5 h6 8. Be3 d5
9. exd5 exd5 10. Bb3 d4 11. Bxh6 gxh6 12. Re1 dxc3 13. bxc3 Nc6 14. Qd2 Kh7 15.
Bc4 Bf5 16. d4 cxd4 17. cxd4 Rc8 18. c3 Nd5 19. a3 Bg6 20. h3 Bf6 21. Ne5 Bxe5
22. dxe5 Nb6 23. Qf4 Nxc4 24. Qxc4 Nxe5 25. Qb3 Qc7 26. Re3 Rfd8 27. Rae1 Nd3
28. Rd1 b6 29. g3 Qxc3 30. Qa4 Rc7 31. Qh4 Rcd7 32. Rf1 Qxa3 33. Qf6 b5 34. Ra1
Qb2 35. Qxb2 Nxb2 36. h4 Rd1+ 37. Rxd1 Nxd1 38. Rb3 a6 39. Rb4 Rd5 40. Kh2 Nxf2
41. Kg2 Nd3 42. Rb1 b4 43. Kf3 a5 44. g4 Rd4 45. Ke3 Rxg4 46. Ra1 Rxh4 47. Rxa5
b3 48. Rb5 b2 49. Kd2 Rh2+ 50. Kc3 Rf2 51. Rb7 Rf1 52. Kc2 Nc5+ 53. Kxb2 Nxb7
54. Kc3 Rd1 55. Kb4 Rc1 56. Kb5 Be4 57. Kb4 h5 58. Kb3 h4 0-1

[Event "Bulgaria x Brasil"]
[Site "http://www.queenalice.com/game.php?id=422949"]
[Date "2008.6.25"]
[Round "-"]
[White "gomestrovao"]
[Black "we4er"]
[Result "1-0"]
[WhiteElo "1883"]
[BlackElo "1894"]

1. e4 Nf6 2. Nc3 d5 3. e5 d4 4. exf6 dxc3 5. Bc4 cxd2+ 6. Bxd2 exf6 7. Bf4 Be7
8. Nf3 O-O 9. O-O Be6 10. Bxe6 fxe6 11. Qd2 e5 12. Be3 Qxd2 13. Nxd2 Rd8 14.
Rad1 Kf7 15. Rfe1 Rd7 16. Ne4 Rxd1 17. Rxd1 Ke6 18. Bc5 b6 19. Be3 Nc6 20. c3
Rd8 21. Nd2 Rd3 22. g3 f5 23. Kf1 g5 24. Ke2 e4 25. Re1 Rd5 26. f3 exf3+ 27.
Nxf3 g4 28. Ng5+ Bxg5 29. Bxg5 Re5+ 30. Be3 Ne7 31. Kf2 Nd5 32. Bd2 Rxe1 33.
Kxe1 b5 34. b3 Nf6 35. Ke2 Ne4 36. Be1 Kd5 37. Ke3 c5 38. Kf4 Ke6 39. c4 a6 40.
cxb5 axb5 41. a4 c4 42. bxc4 bxc4 43. Ke3 Kd5 44. Kf4 1-0

[Event "How about a Rematch"]
[Site "http://www.queenalice.com/game.php?id=423523"]
[Date "2008.6.26"]
[Round "-"]
[White "johnrbrown"]
[Black "we4er"]
[Result "1/2-1/2"]
[WhiteElo "1865"]
[BlackElo "1876"]

1. d4 d5 2. e4 dxe4 3. Nc3 f5 4. Bg5 Nf6 5. f3 exf3 6. Nxf3 e6 7. Bc4 Be7 8. O-O
O-O 9. Ne5 Kh8 10. Rf4 Nd5 11. Bxe7 Nxe7 12. Rh4 Qe8 13. Qf3 Nbc6 14. Bb5 Bd7
15. Qh3 h6 16. Bxc6 Bxc6 17. Ne2 Rf6 18. Nf4 Kh7 19. Nh5 Rf8 20. Nf4 Rf6 1/2-1/2

[Event "Challenge"]
[Site "http://www.queenalice.com/game.php?id=424420"]
[Date "2008.6.28"]
[Round "-"]
[White "we4er"]
[Black "REUSKING"]
[Result "1-0"]
[WhiteElo "1837"]
[BlackElo "1910"]

1. e4 e5 2. Nf3 Nf6 3. Nxe5 d6 4. Nxf7 Kxf7 5. Bc4+ Ke8 6. O-O g6 7. d4 Bg7 8.
Bg5 Nbd7 9. e5 dxe5 10. dxe5 Nxe5 11. Qe2 Qe7 12. Re1 h6 13. Qxe5 Qxe5 14. Rxe5+
Kf8 15. Bd2 b6 16. Bc3 Bf5 17. Re2 Ne4 18. Bxg7+ Kxg7 19. Nd2 Nd6 20. Bd5 Rae8
21. Rae1 Rxe2 22. Rxe2 Re8 23. Rxe8 Nxe8 24. Be4 Be6 25. a3 Nd6 26. Bd3 Kf6 27.
Ne4+ Nxe4 28. Bxe4 g5 29. f3 Ke5 30. Kf2 c5 31. Ke3 Bf7 32. g3 Be6 33. f4+ gxf4+
34. gxf4+ Kf6 35. b4 cxb4 36. axb4 Bd7 37. c4 Be6 38. Kd4 Bf7 39. c5 bxc5+ 40.
Kxc5 Be8 41. Bc6 Bf7 42. Bd7 Bh5 43. Kd6 Be2 44. Bc8 Bf3 45. Kc7 a6 46. Kb6 Be2
47. Bxa6 Bf3 48. Bd3 Bd5 49. Kc7 Ba8 50. b5 Bd5 51. b6 Bf3 52. Bb5 Ba8 53. Bc6
1-0

[Event "Challenge"]
[Site "http://www.queenalice.com/game.php?id=429149"]
[Date "2008.7.7"]
[Round "-"]
[White "sunking"]
[Black "we4er"]
[Result "0-1"]
[WhiteElo "1836"]
[BlackElo "1884"]

1. e4 c5 2. Bb5 a6 3. Ba4 b5 4. Nc3 bxa4 5. Nxa4 Qc7 6. c4 Bb7 7. Nf3 Bxe4 8.
Ng5 Bxg2 9. Rg1 Qe5+ 10. Qe2 Qxe2+ 11. Kxe2 Bc6 12. Nb6 Ra7 13. Nc8 Rb7 14. d3
h6 15. h4 hxg5 16. hxg5 Kd8 17. g6 fxg6 18. Nd6 exd6 19. Bg5+ Be7 20. Kd2 Rh5
21. Bf4 g5 22. Bg3 Bf3 23. b3 Nc6 24. Rae1 g4 25. Kc3 Bf6+ 26. Kc2 Be5 27. Bxe5
dxe5 28. Kc3 Nf6 29. Re3 e4 30. dxe4 Nxe4+ 31. Kd3 Nb4# 0-1

[Event "Challenge"]
[Site "http://www.queenalice.com/game.php?id=434803"]
[Date "2008.7.17"]
[Round "-"]
[White "we4er"]
[Black "johnrbrown"]
[Result "0-1"]
[WhiteElo "1878"]
[BlackElo "1865"]

1. d4 Nf6 2. c4 c5 3. d5 b5 4. cxb5 a6 5. Nc3 axb5 6. Nxb5 Qa5+ 7. Nc3 Ba6 8.
Nf3 d6 9. g3 g6 10. Bg2 Bg7 11. O-O Nbd7 12. Bd2 Bb7 13. e4 O-O 14. Qc1 e6 15.
Rd1 exd5 16. Nxd5 Qd8 17. Bf4 Nxd5 18. Bxd6 Ne7 19. e5 Re8 20. Bxc5 Qc8 21. Ba3
Qxc1 22. Raxc1 Nxe5 23. Nxe5 Bxg2 24. Kxg2 Bxe5 0-1

[Event "AUTO-OPEN-1201"]
[Site "http://www.queenalice.com/game.php?id=434960"]
[Date "2008.7.17"]
[Round "1"]
[White "Drica"]
[Black "we4er"]
[Result "0-1"]
[WhiteElo "1496"]
[BlackElo "1882"]

1. e4 c5 2. Bc4 e6 3. Qf3 Nc6 4. Ne2 Ne5 5. Qc3 Qc7 6. Bb3 c4 7. Ba4 a6 8. Na3
Bxa3 9. bxa3 b5 10. Bb3 Ra7 11. Bb2 f6 12. d4 Nf7 13. d5 cxb3 14. Qxc7 Rxc7 15.
cxb3 Bb7 16. dxe6 dxe6 17. O-O Rc2 18. Bd4 Rxe2 19. Rfd1 Nd8 20. Bb6 Nc6 21.
Rac1 Nge7 22. a4 Rxe4 23. axb5 axb5 24. Re1 Rxe1+ 25. Rxe1 e5 26. h4 Kd7 27.
Rd1+ Ke6 28. a4 bxa4 29. bxa4 Ra8 30. Ra1 Nd5 31. Bc5 Nc3 32. a5 Ne4 33. Bb6 Nd2
34. g4 Nc4 35. Bc7 N6xa5 36. Bxa5 Rxa5 37. Rxa5 Nxa5 0-1

[Event "AUTO-OPEN-1201"]
[Site "http://www.queenalice.com/game.php?id=434961"]
[Date "2008.7.17"]
[Round "1"]
[White "we4er"]
[Black "Drica"]
[Result "1-0"]
[WhiteElo "1876"]
[BlackElo "1398"]

1. e4 e5 2. Nf3 Qf6 3. Nc3 c6 4. Be2 Na6 5. O-O b5 6. d4 exd4 7. e5 Qf5 8. Nxd4
Qxe5 9. Bxb5 cxb5 10. Re1 Qxe1+ 11. Qxe1+ Be7 12. Nd5 Kd8 13. Nxe7 Nxe7 14. Bd2
Re8 15. Ba5+ Nc7 16. Qe5 Nd5 17. Qxd5 Rb8 18. Nc6# 1-0

[Event "AUTO-OPEN-1201"]
[Site "http://www.queenalice.com/game.php?id=434986"]
[Date "2008.7.17"]
[Round "1"]
[White "philipp84lemke"]
[Black "we4er"]
[Result "1-0"]
[WhiteElo "2113"]
[BlackElo "1909"]

1. d4 d5 2. c4 e6 3. Nc3 Be7 4. Nf3 Nf6 5. Bf4 O-O 6. e3 c5 7. cxd5 exd5 8. g3
cxd4 9. Nxd4 a6 10. Bg2 Nc6 11. O-O Be6 12. Nxe6 fxe6 13. Bg5 Rc8 14. Bh3 Kf7
15. Bxf6 Bxf6 16. Qh5+ Ke7 17. Rad1 Qe8 18. Qg4 Kf7 19. f4 Nd8 20. e4 dxe4 21.
Nxe4 Kg8 22. Nxf6+ Rxf6 23. f5 e5 24. Qe4 Qb5 25. b3 1-0

[Event "AUTO-OPEN-1201"]
[Site "http://www.queenalice.com/game.php?id=434987"]
[Date "2008.7.17"]
[Round "1"]
[White "we4er"]
[Black "philipp84lemke"]
[Result "0-1"]
[WhiteElo "1901"]
[BlackElo "2119"]

1. d4 Nf6 2. c4 e5 3. dxe5 Ng4 4. Nf3 Bc5 5. e3 Nc6 6. e6 fxe6 7. Be2 O-O 8. a3
a5 9. h3 Nge5 10. O-O d5 11. cxd5 exd5 12. Qc2 Ba7 13. Rd1 Qf6 14. Nc3 Be6 15.
Nxd5 Nxf3+ 16. Bxf3 Qf7 17. b4 Bxh3 18. b5 Ne5 19. Be4 Bxg2 20. Bxg2 c6 21. Bb2
Nf3+ 22. Bxf3 Qxf3 23. Nc7 Rac8 24. Qc4+ Kh8 0-1